000 00353pam a2200157a 44500
008 230405s1996 xxu||||| |||| 00| 0 eng d
041 _aENG
100 _aPIRAMAL GITA A
245 _aBUSINESS MAHARAJA
250 _a1996
260 _aNULL
_bA PENGUIN BOOK INDIA
_c1996
300 _a474
650 _aMANAGEMENT
690 _aBBA
906 _a7137
999 _c287948
_d287948